<?xml version="1.0" encoding="UTF-8"?>
<marc:record xmlns:marc="http://www.loc.gov/MARC21/slim">
   <marc:leader>00000nam a2200000 a 4500</marc:leader>
   <marc:datafield ind1="1" ind2=" " tag="100">
      <marc:subfield code="a">Till, Jochen</marc:subfield>
      <marc:subfield code="4">aut</marc:subfield>
      <marc:subfield code="e">Verfasser/-in</marc:subfield>
   </marc:datafield>
   <marc:datafield ind1=" " ind2=" " tag="653">
      <marc:subfield code="a">Teufel</marc:subfield>
   </marc:datafield>
   <marc:datafield ind1="0" ind2="0" tag="245">
      <marc:subfield code="a">Luzifer Junior 8: Ein Geschenk der Hölle</marc:subfield>
   </marc:datafield>
   <marc:datafield ind1="0" ind2="0" tag="245">
      <marc:subfield code="c">Till, Jochen</marc:subfield>
   </marc:datafield>
   <marc:datafield ind1=" " ind2="1" tag="264">
      <marc:subfield code="a">Bindlach</marc:subfield>
      <marc:subfield code="b">Loewe</marc:subfield>
      <marc:subfield code="c">2022</marc:subfield>
   </marc:datafield>
   <marc:datafield ind1="1" ind2=" " tag="490">
      <marc:subfield code="a">Luzifer junior</marc:subfield>
      <marc:subfield code="v">8</marc:subfield>
   </marc:datafield>
   <marc:datafield ind1=" " ind2=" " tag="250">
      <marc:subfield code="a">1. Auflage</marc:subfield>
   </marc:datafield>
   <marc:datafield ind1="1" ind2=" " tag="520">
      <marc:subfield code="a">Die Zwillinge Luzie und Lilly haben Geburtstag und in St. Fidibus ist alles bereit für die große Feier. Doch plötzlich gibt es äußerst beunruhigende Nachrichten  und die Geburtstagsgesellschaft findet sich in der Hölle wieder! Dort ist schnell Schluss mit lustig, denn Luzie, Lilly und ihre Freunde geraten in ein lebensbedrohliches Abenteuer. So hatte sich Luzie seine allererste Party ganz sicher nicht vorgestellt! (Verlagstext)&#xD;
&#xD;
&#xD;
&#xD;
&#xD;
 Luzifer junior&#xD;
  lebt als Sohn des Teufels in der Hölle und soll den Laden einmal übernehmen. Da sein Vater der Meinung ist, dass Junior für den Job noch viel zu lieb ist, schickt er ihn auf die Erde. Denn wo kann man das Bösesein besser lernen als bei den Menschen? &#xD;
&#xD;
&#xD;
&#xD;
Ein Teufel in der Schule  der Comic-Roman von &#xD;
 Jochen Till&#xD;
  um den Höllensohn Luzifer bietet Lesespaß und viel Grund zum lauthals lachen für Mädchen und Jungen ab 10 Jahren. Zahlreiche humorvolle Bilder von &#xD;
 Raimund Frey&#xD;
  illustrieren Luzifers Abenteuer in der Hölle und im strengen Jungeninternat. Wer Gregs Tagebuch mag, wird Luzifer junior lieben! &#xD;
&#xD;
&#xD;
&#xD;
Mehr Infos zum Buch unter luzifer-junior.de.&#xD;
&#xD;
&#xD;
&#xD;
Der Titel ist bei Antolin gelistet.</marc:subfield>
   </marc:datafield>
   <marc:datafield ind1=" " ind2=" " tag="020">
      <marc:subfield code="a">9783743204904</marc:subfield>
      <marc:subfield code="9">9783743204904</marc:subfield>
   </marc:datafield>
   <marc:datafield ind1=" " ind2=" " tag="020">
      <marc:subfield code="a">3743204908</marc:subfield>
      <marc:subfield code="9">3743204908</marc:subfield>
   </marc:datafield>
   <marc:datafield ind1=" " ind2=" " tag="041">
      <marc:subfield code="a">ger</marc:subfield>
   </marc:datafield>
   <marc:datafield ind1=" " ind2=" " tag="300">
      <marc:subfield code="b">Illustrationen</marc:subfield>
   </marc:datafield>
   <marc:datafield ind1="0" ind2=" " tag="490">
      <marc:subfield code="v">8</marc:subfield>
   </marc:datafield>
   <marc:datafield ind1=" " ind2=" " tag="338">
      <marc:subfield code="a">Band</marc:subfield>
   </marc:datafield>
   <marc:datafield ind1=" " ind2=" " tag="300">
      <marc:subfield code="a">213 Seiten, 6 ungezä</marc:subfield>
   </marc:datafield>
</marc:record>
